Po dvoch rokoch pritiahol Ľubovňa - Objav 2007 rekordný počet divákov

Bibliographic Details
Format: Article
Language:Slovak
PhysicalDescription:Fotogr.
Subjects:

MARC

LEADER 00000nab a2200000 a 4500
001 vtls009157347
003 SK-MaSNL
005 20260303064411.0
008 071108 2007 xo w n 000 0 slo
038 |a SLLK 
040 |a SLLK  |b slo  |c sllk  |e AACR2 
041 0 |a slo 
044 |a xo  |c SK 
080 |a 78:06.063  |2 1997 
245 0 0 |a Po dvoch rokoch pritiahol Ľubovňa - Objav 2007 rekordný počet divákov  |c Text a foto (mv) 
300 |b Fotogr. 
600 1 7 |a Limáneková, Mária  |2 sllk  |9 1063020 
611 2 7 |a Ľubovňa Objav  |n (2. :  |d 2007 :  |c Stará Ľubovňa, Slovensko)  |2 snkbucl  |9 1053645 
648 7 |a 2007  |2 snkbucl  |9 313226 
650 0 7 |a spevácke súťaže  |2 snkbucl  |9 72693 
650 0 7 |a víťazi  |2 snkbucl  |9 878189 
651 7 |a Lacková (Stará Ľubovňa, Slovensko)  |2 snkbucl  |9 59206 
651 7 |a Stará Ľubovňa (Slovensko)  |2 snkbucl  |9 19193 
773 0 |t Ľubovnianske noviny  |g Roč. XXXIII, č. 43 (2007), s. 3 
852 |a SLLK  |b KIS3GCP 
999 |c 1746981  |d 1748911